[Event "Dhaka op"]
[Site "Dhaka"]
[Date "2016.06.29"]
[Round "6"]
[White "Mallik, Anisuzzaman"]
[Black "Uddin, Saif"]
[Result "1-0"]
[WhiteElo "1906"]
[BlackElo "2075"]
[PlyCount "62"]
[EventDate "2016.06.24"]
[EventType "swiss"]
[EventRounds "9"]
[EventCountry "BAN"]
[SourceTitle "EXT 2017"]
[Source "ChessBase"]
[SourceDate "2016.10.25"]
[SourceVersion "1"]
[SourceVersionDate "2016.10.25"]
[SourceQuality "1"]

1. e4 d5 2. e5 c5 3. c3 Nc6 4. d4 cxd4 5. cxd4 Bf5 6. Nc3 e6 7. Be3 Nge7 8. Rc1 h5 9. Nb5 Nc8 10. Bd3 Bb4+ 11. Kf1 Bxd3+ 12. Qxd3 a6 13. Nc3 Nb6 14. h4 Qd7 15. a3 Be7 16. Rc2 Nc4 17. Bc1 0-0-0 18. Rh3 f6 19. f4 Rhf8 20. Nf3 Kb8 21. Kg1 Qe8 22. b4 Bxb4 23. axb4 Nxb4 24. Qe2 Nxc2 25. Qxc2 Qe7 26. Nd2 Rc8 27. Qd3 Rc7 28. Ne2 Rfc8 29. Qb1 b5 30. f5 exf5 31. e6 g6 1-0